000
00197 a2200097 4500
020
_a
9780001712904
041
_a
eng
100
_a
Theo LeSieg
245
_a
Woul Yuo rather be a Bullfrog
942
_c
K
999
_c
31235
_d
31233